| 000 | 00614nam a2200193 u 4500 | ||
|---|---|---|---|
| 005 | 20210223131600.0 | ||
| 008 | 110829s2009 ag r 000 0 spa d | ||
| 020 | _a9789870008392 | ||
| 035 | _aUPN01000181604 | ||
| 049 | _aCG | ||
| 050 | 4 |
_aHV40.35 _bA3.8 |
|
| 100 | 1 |
_aAcquarone, Stella _931425 |
|
| 245 | 1 | 0 |
_aUpa lala : _bayudando a los que ayudan : comprender las ansiedades... / _cStella Acquarone. |
| 260 |
_aBuenos Aires : _bLumen, _c2009. |
||
| 300 | _a287 p. | ||
| 650 | 4 |
_aTRABAJADORES SOCIALES - _xESTRES LABORAL _919170 |
|
| 650 | 4 |
_aSERVICIO SOCIAL - _xASPECTOS PSICOLOGICOS _919171 |
|
| 905 | _aLibro | ||
| 999 |
_c153707 _d153707 |
||